00402nam a2200145Ia 450000100060000000800410000602000180004704000130006508200190007810000190009724500750011626000470019130000110023854600070024971250160226s9999 xx 000 0 und d a9781784533083 cPK-LaUMT a 956.91bMOU-U aMoubayed, Sami aUnder the black flagbat the frontier of the new jihadcMoubayed, Sami aLondon,UK:bI. B. Tauris Publishers,c2015 a240 p. aEN